Calidad
Na minha lista:
| Main Authors: | , , |
|---|---|
| Formato: | Livro |
| Idioma: | espanhol |
| Publicado em: |
Barcelona
Altamar
2005
Barcelona Marcombo 2005 |
| Edição: | 1a. ed |
| Colecção: | Electricidad y Electrónica
|
| Assuntos: | |
| Tags: |
Adicionar Tag
Sem tags, seja o primeiro a adicionar uma tag!
|
MARC
| LEADER | 00000cam a2200000 a 4500 | ||
|---|---|---|---|
| 001 | UCG8405 | ||
| 003 | CL-VaPUC | ||
| 008 | 111212e20050000SP |||||||||||||||||spa|d | ||
| 020 | |a 842671370X | ||
| 020 | |a 9788496334120 | ||
| 082 | 0 | 4 | |a 658.562 |b GOM |2 21 |
| 100 | 0 | |a Gómez Papasseit, Ramón |e author |9 559418 | |
| 700 | 0 | |a Moliné Boixareu, Joan Ignasi |e author |9 559419 | |
| 700 | 0 | |a Barbany Hurtado, Albert |e author |9 559420 | |
| 245 | 1 | 0 | |a Calidad |
| 250 | |a 1a. ed | ||
| 300 | |a 119 p | ||
| 942 | |c BK | ||
| 945 | |d 20111212 00:00:00 |a cmena | ||
| 260 | |a Barcelona |b Altamar |c 2005 | ||
| 260 | |a Barcelona |b Marcombo |c 2005 | ||
| 650 | 0 | |a Control de calidad |9 259714 | |
| 650 | 0 | |a Normalización |9 262666 | |
| 650 | 0 | |a Prevención de accidentes |9 262912 | |
| 650 | 0 | |a Gestión de la calidad |9 475860 | |
| 583 | |a last modification |c 20111212 13:13:00 |k Rodrigo Vera | ||
| 490 | 0 | |a Electricidad y Electrónica | |
| 999 | |c 346015 |d 346013 | ||